000 00471nam a22001697a 4500
005 20240808112932.0
008 240808b |||||||| |||| 00| 0 eng d
020 _a978-81-317-0974-0
082 _a537.12
_bFRA-C
100 _aFranklin, Jerrold
245 _aClassical Electromagnetism /
_cby Jerrold Franklin
260 _aIndia :
_bPearsons ;
_c2005 .
300 _a485 p. :
_c24 cm .
500 _aInclude Index.
650 _aElectrical/Engineering
999 _c36340
_d36340